Library Banner
Normal view MARC view

Entry Personal Name

Number of records used in: 2

001 - CONTROL NUMBER

  • control field: 7542

003 - CONTROL NUMBER IDENTIFIER

  • control field: PK-LaUMT

005 - DATE AND TIME OF LATEST TRANSACTION

  • control field: 20251010100949.0

008 - FIXED-LENGTH DATA ELEMENTS

  • fixed length control field: 251010|| aca||aabn | a|a d

040 ## - CATALOGING SOURCE

  • Original cataloging agency: PK-LaUMT
  • Transcribing agency: PK-LaUMT

100 ## - HEADING--PERSONAL NAME

  • Personal name: Heraldliam = ہیرالڈلیم

670 ## - SOURCE DATA FOUND

  • Source citation: Work cat.: (PK-LaUMT)138831: Heraldliam = ہیرالڈلیم , Tareekh i sultanat i Usmania = تاریخ سلطنت عثمانیہ :, 2012